History Quiz

Random History or Letter Quiz

World History A-Z Quiz Stats

 Plays Quiz Updated Dec 7, 2017

Challenge
Share
Tweet
Embed
Score 0/26 Timer 05:00
4 Plays Today
Letter % Correct
DLeonardo DaVinci
93.1%
NNapoleon Bonaparte
88.3%
AAztec
86.6%
FFrancis Ferdinand
86%
IIncan
84.1%
TTsar
83.5%
PPlato
82.8%
JJulius Caesar
81.7%
LMartin Luther
81.2%
EEthiopia
80.4%
RRenaissance
77.7%
GGenghis Khan
76.6%
OOttoman Empire
75.4%
Letter % Correct
CCarthage
63.3%
XXerxes the Great
59.5%
QQin
56.9%
SSun King
51%
BSimón Bolívar
50.5%
HHammurabi
47.2%
VVirgil
46.3%
UUrban II
39.1%
MMalian
36.2%
ZZiggurat
27.1%
WWestphalia
20.4%
YYoritomo
2.8%
KKalidasa
2.6%

You're not logged in!

Compare scores with friends on all Sporcle quizzes.
Join for Free
OR
Log In

You Might Also Like...

Show Comments

Extras

Top Quizzes Today


Score Distribution

Your Account Isn't Verified!

In order to create a playlist on Sporcle, you need to verify the email address you used during registration. Go to your Sporcle Settings to finish the process.

Report this User

Report this user for behavior that violates our Community Guidelines.

Details: